000 00692nam a2200229 i 4500
001 bg
100 1 _aMUSZYŃSKI, Jerzy
_d(1931- ).
245 1 0 _aAnaliza matematyczna.
_nCz. 1 /
_cJerzy Muszyński.
260 _aWarszawa :
_bOficyna Wydawnicza Politechniki Warszawskiej,
_c2000.
300 _a256, [1] s. ;
_c24 cm.
504 _aBibliogr.
650 9 _aAnaliza matematyczna
655 _aPodręczniki akademickie
020 _a8372071357 (2 cz.)
040 _cBPK
041 0 _apl
080 _a517(075.8)
920 _a83-7207-135-7 (2 cz.)
942 _cKS
008 s pl f |000 0 pol
999 _c39379
_d39379
856 _uhttp://koha.tu.koszalin.pl/cgi-bin/koha/opac-detail.pl?biblionumber=39379
_yKatalog online BPK